| 000 | 00672nam a22002417a 4500 | ||
|---|---|---|---|
| 001 | 3453 | ||
| 003 | FISKH | ||
| 005 | 20250327152012.0 | ||
| 008 | 240306b cb ||||| |||| 00| 0 eng d | ||
| 040 |
_aFISK _beng _cFISK _dFISK |
||
| 050 | _aPS3552.R685434 | ||
| 082 | _a813.54 | ||
| 100 |
_aBrown Dan _d1964- |
||
| 245 |
_aThe lost symbol / _cDan Brown |
||
| 260 |
_aNew York : _bBantam Press, _c2009 |
||
| 300 |
_a669 pages : _c19 cm |
||
| 505 | _aM | ||
| 520 | _aSymbologist Robert Langdon returns in this new thriller follow-up to The Da Vinci Code. | ||
| 521 | 8 |
_aestimates, _bLexiles |
|
| 700 | _aDan Brown | ||
| 942 |
_2ddc _cEREADER _n0 |
||
| 999 |
_c3453 _d3453 |
||